000 00695nam a2200181Ia 4500
008 100920s9999 xx 000 0 und d
082 _b100598
_a28 व 891,43 न 07
100 _aप्रभा नारायण.
245 _aचुँ चुँ की परदेस यात्रा.
260 _bसाक्षी प्रकाशन, दिल्ली.
_c2007
300 _a56
_bसाधी
365 _b75
520 _aबा.वि.हिंदी.
630 _aचुँ चुँ की परदेस यात्रा.
650 _aबा.वि.हिंदी.
730 _aचुँ चुँ की परदेस यात्रा.
942 _cBOOK
999 _c741036
_d741033